Statistics for 50 Countries to capitals

Click here to take the quiz!

General Stats

  • This quiz has been taken 27 times
  • The average score is 34 of 50

Answer Stats

HintAnswer% Correct
ChinaBeijing
91%
MalaysiaKuala Lumpur
87%
LuxembourgLuxembourg
87%
PolandWarsaw
87%
AlgeriaAlgiers
83%
EgyptCairo
83%
CubaHavana
83%
FinlandHelsinki
83%
AfghanistanKabul
83%
RussiaMoscow
83%
IndiaNew Delhi
83%
TaiwanTaipei
83%
IranTehran
83%
MaltaValletta
83%
IndonesiaJakarta
78%
KuwaitKuwait City
78%
USAWashington DC
78%
RomaniaBucharest
74%
PhilippinesManila
74%
HaitiPort-Au-Prince
74%
North KoreaPyongyang
74%
EcuadorQuito
74%
MongoliaUlaanbaatar
74%
LiechtensteinVaduz
74%
CroatiaZagreb
74%
HungaryBudapest
70%
SudanKhartoum
70%
BelarusMinsk
70%
OmanMuscat
70%
NorwayOslo
70%
Dominican RepublicSanto Domingo
70%
HondurasTegucigalpa
70%
EstoniaTallin
65%
KazakhstanAstana/Nur-Sultan
61%
BruneiBandar Sewi Begawan
61%
MoldovaChisinau
61%
Bosnia And HerzegovinaSarajevo
61%
SlovakiaBratislava
57%
LatviaRiga
57%
Costa RIcaSan Jose
57%
LithuaniaVilnius
57%
NigerNiamey
52%
DominicaRoseau
52%
TanzaniaDodoma
48%
Marshall IslandsMajuro
48%
EritreaAsmara
43%
Central African RepublicBangui
39%
TogoLome
39%
KiribatiSouth Tarawa
39%
GambiaBanjul
35%

Score Distribution

Percentile by Number Answered

Percent of People with Each Score

Your Score History

You have not taken this quiz